Szovjet íródelegáció Szegeden
Elmentve itt :
| Dokumentumtípus: | Cikk |
|---|---|
| Megjelent: |
1970-04-12
|
| Sorozat: | Délmagyarország
60 No. 85 |
| Kulcsszavak: | Rešetnikov Venâmin Sergeevič, Kostrov Vladimir, Havasi Zoltán, Irodalmi élet Szeged 1970, Kulturális kapcsolatok magyar-szovjet, külföldi írók Szegeden |
| Online Access: | http://dmarchiv.bibl.u-szeged.hu/74686 |
| LEADER | 00549nab a2200145 i 4500 | ||
|---|---|---|---|
| 001 | delm74686 | ||
| 005 | 20180928082556.0 | ||
| 008 | 180928s1970 hu o 0|| hun d | ||
| 040 | |a SZTE Délmagyarország Archívum |b hun | ||
| 041 | |a hun | ||
| 245 | 0 | 0 | |a Szovjet íródelegáció Szegeden |h [elektronikus dokumentum] |
| 260 | |c 1970-04-12 | ||
| 300 | |a 5 | ||
| 490 | 0 | |a Délmagyarország |v 60 No. 85 | |
| 695 | |a Rešetnikov Venâmin Sergeevič, Kostrov Vladimir, Havasi Zoltán, Irodalmi élet Szeged 1970, Kulturális kapcsolatok magyar-szovjet, külföldi írók Szegeden | ||